Random General Knowledge Quiz - Statistics

General Stats
  • This quiz has been taken 33 times
  • The average score is 3 of 8
Answer Stats
Question Answer % Correct
In roman mythology: Which of these gods is the god of war? Mars
100%
Who is currently monarch of Denmark? Queen Margrethe II
100%
What is the world's most valuable company? (January 2022) Apple
50%
What song currently holds the record for most weeks as #1 on Billboard? (Single's Chart) Old Town Road - Lil Nas X
50%
What continent is home to the country of Suriname? South America
0%
Which of these ancient states had two kings at all times? (Double Monarchy) Sparta
0%
Who played Aragorn in The Lord of The Rings? (2001) Viggo Mortensen
0%
Which of these objects is said to kill vampires? Wooden pike
0%
No matching quizzes found
Score Distribution
Percent of People with Each Score
Percentile by Number Answered
Your Score History
You have not taken this quiz